Statistics for Colors - Halsey

Click here to take the quiz!

General Stats

  • This quiz has been taken 202 times
    (109 since last reset)
  • The average score is 236 of 346

Answer Stats

Lyrics % Correct
a
96%
a
96%
a
96%
a
96%
I
96%
a
96%
I
96%
I
96%
a
96%
I
96%
you
90%
every
90%
an
90%
you
90%
every
90%
blue
90%
You
90%
blue
90%
You
90%
blue
90%
blue
90%
blue
90%
blue
90%
blue
90%
you
90%
blue
90%
an
90%
you
90%
blue
90%
you
90%
blue
90%
blue
90%
blue
90%
you
90%
you
90%
blue
90%
You
90%
you
90%
blue
90%
you
90%
You
90%
blue
90%
blue
90%
every
90%
your
88%
it
88%
He
88%
it
88%
He
88%
it
88%
He
88%
Your
88%
your
88%
your
88%
he
88%
your
88%
it
88%
so
86%
is
86%
is
86%
is
86%
is
86%
is
86%
is
86%
is
86%
so
86%
so
86%
so
86%
And
84%
And
84%
And
84%
And
84%
And
84%
And
84%
And
84%
And
84%
And
84%
And
84%
And
84%
And
84%
And
84%
brother
84%
And
84%
And
84%
and
84%
And
84%
And
84%
on
84%
and
84%
And
84%
And
84%
and
84%
and
84%
And
84%
And
84%
but
82%
his
82%
his
82%
His
82%
show
82%
his
82%
his
82%
His
82%
but
82%
little
82%
never
82%
his
82%
His
82%
his
82%
His
82%
but
82%
His
82%
his
82%
his
82%
his
82%
his
82%
His
82%
his
82%
mother
82%
his
82%
but
82%
But
82%
never
82%
only
80%
the
80%
the
80%
the
80%
Everything
80%
the
80%
Everything
80%
the
80%
tells
80%
the
80%
the
80%
TV
80%
loves
80%
Everything
80%
only
80%
only
80%
Everything
80%
Everything
80%
the
80%
the
80%
Everything
80%
the
80%
the
80%
the
80%
the
80%
when
78%
when
78%
to
78%
to
78%
when
78%
her
78%
with
76%
with
76%
like
75%
like
75%
like
75%
like
75%
You're
73%
at
73%
at
73%
You're
73%
You're
73%
You're
73%
You're
73%
at
73%
at
73%
at
73%
You're
73%
you're
73%
you're
73%
masterpiece
73%
You're
73%
masterpiece
73%
jeans
71%
ripped
71%
in
71%
in
71%
twenty-eight
71%
jeans
71%
in
71%
in
71%
ripped
71%
jeans
71%
make
71%
said
71%
color
71%
color
71%
color
71%
said
71%
sorry
69%
happy
69%
grey
69%
years
69%
hair,
69%
grey
69%
hair,
69%
grey
69%
old
69%
hair,
69%
edge
69%
edge
69%
now
67%
sunrise
67%
saturated
67%
saturated
67%
hope
67%
filled
67%
now
67%
overflowing
67%
dripping
67%
now
67%
now
67%
now
67%
now
67%
head
67%
overflowing
67%
now
67%
dripping
67%
sunrise
67%
now
67%
dope
65%
day
65%
smoke,
65%
smoke,
65%
smiled
65%
smoke,
65%
hands,
63%
me,
63%
sink
63%
spilling
63%
hands,
63%
sink
63%
hands,
63%
spilling
63%
me
63%
dreams
61%
pills,
61%
dreams
61%
pills,
61%
dreams
61%
pills,
61%
it's
59%
pages
59%
it's
59%
it's
59%
it's
59%
pages
59%
it's
59%
it's
59%
it's
59%
I'm
57%
I'm
57%
know
57%
I'm
57%
I'm
57%
know
57%
I'm
57%
know
57%
I'm
57%
ink
57%
ink
57%
know
57%
tearing
55%
tearing
55%
were
51%
were
51%
through
51%
through
51%
through
51%
colors
49%
don't
49%
what
49%
colors
49%
what
49%
what
49%
don't
49%
colors
49%
don't
49%
means
47%
means
47%
means
47%
devoid
45%
he's
45%
he's
45%
devoid
45%
devoid
45%
he's
45%
for
45%
he's
45%
he's
45%
he's
45%
he's
45%
he's
45%
he's
45%
of
43%
of
43%
of
43%
red,
41%
was
41%
was
41%
be
39%
religion
37%
covered
37%
covered
37%
covered
37%
seams
35%
pull
35%
seams
35%
seams
35%
pull
35%
pull
35%
apart
33%
apart
33%
purple
33%
lilac
33%
apart
33%
lied
33%
morning
31%
vision
31%
morning
31%
light
31%
came
31%
not
29%
till
29%
I've
29%
just
29%
I've
29%
sky
29%
touched
29%
felt
29%
are
27%
suddenly
27%
decided
27%
liked
27%
wasn't
25%
boys
25%
too
24%
you'll
24%
waking
24%
forgiven
22%
because
22%
still
20%
Then
18%

Score Distribution

Percentile by Number Answered

Percent of People with Each Score

Your Score History

You have not taken this quiz since the last reset